000 00615nam a2200229 a 4500
001 13792
003 BD-JhCC
005 20240322111626.0
008 240322b 2023b |||| ||a| 001 0 b d
020 _a9789849724377
035 _a(BD-JhCC)13792
040 _aBD-JhCC
_dBD-JhCC
041 _aben
082 _a510.55
_bISL 2023
100 _a ইসলাম, সফিক
245 _aগণিতকোষ /
_b সফিক ইসলাম
260 _aঢাকা:
_bকথাপ্রকাশ;
_c2023.
300 _a503 p. :
_c22 cm.
650 _aগণিত
942 _2ddc
_cBK
999 _c13792
_d13792